00494nam a2200169 a 450000100060000000300090000600800410001502000150005604000280007108200170009910000240011611000360014024500530017626000480022930000100027765000370028712783CO-ViMGA141112s2004 ck r 000 u spa d a9588040078 aCO-ViMGAbspacCO-ViMGA04a620.986 S1521 aSanclemente, Carlos aAcademia Colombiana de Historia10aReseña Histórica de la Ingenieria Colombiana aSantafé de Bogotá : bGuadalupe, c1998 a187p.14aINGENIERIA - HISTORIA - COLOMBIA